লোডিং...

Madhyamapravarthanavum sargathmakathayum

গ্রন্থ-পঞ্জীর বিবরন
প্রধান লেখক: Cherukara Sunny Lukose
বিন্যাস: Printed Book
প্রকাশিত: Kerala Press Academy
LEADER 00322 a2200097 4500
100 |a Cherukara Sunny Lukose 
245 |a Madhyamapravarthanavum sargathmakathayum 
260 |b Kerala Press Academy 
942 |c BK  |6 _ 
999 |c 70979  |d 70979 
952 |0 0  |1 0  |4 0  |6 _  |7 0  |9 82946  |a UL  |b UL  |d 2015-03-09  |e 263  |g 0.00  |p 00073555  |r 2015-03-12  |v 0.00  |w 2015-03-09  |y BK